000
00198 a2200097 4500
001
1670
100
_a
Mayer, LA
245
_a
Sheet metal layout
260
_a
_b
Mc Graw Hill
_c
090
_c
1207
_d
1207
942
_a
NUST-CAE
_c
M
_c
2303
999
_c
236743
_d
236743